[Event "GER-ch U25-B"]
[Site "Willingen"]
[Date "2017.06.07"]
[Round "6"]
[White "Listing, Lara Marie"]
[Black "Koeber, Simon"]
[Result "0-1"]
[WhiteElo "724"]
[BlackElo "1232"]
[PlyCount "136"]
[EventDate "2017.06.04"]
[EventType "swiss"]
[EventRounds "9"]
[EventCountry "GER"]
[SourceTitle "CBM 178 Extra"]
[Source "ChessBase"]
[SourceDate "2017.06.22"]
[SourceVersion "1"]
[SourceVersionDate "2017.06.22"]
[SourceQuality "1"]

1. e4 e5 2. Nf3 Nc6 3. Nc3 Nf6 4. Bc4 Bc5 5. Ng5 0-0 6. d3 h6 7. Nf3 d6 8. h3 b6 9. Be3 Bb4 10. Bb5 Bb7 11. Bxc6 Bxc6 12. a3 Bxc3+ 13. bxc3 Bd7 14. d4 Nxe4 15. dxe5 Qe7 16. exd6 Qxd6 17. Qxd6 cxd6 18. c4 Rac8 19. Nd2 Nxd2 20. Kxd2 Rxc4 21. Kd3 Rfc8 22. Rac1 Bf5+ 23. Kd2 Rxc2+ 24. Rxc2 Rxc2+ 25. Ke1 Ra2 26. Rh2 Rxa3 27. Bd2 Bd3 28. h4 Ra1+ 29. Bc1 Rxc1+ 30. Kd2 Rc2+ 31. Kxd3 Rxf2 32. Ke3 Rc2 33. Kf3 a5 34. Rh1 a4 35. Ra1 Rc4 36. Ke3 Rxh4 37. g3 Rc4 38. Kd3 Rc5 39. Rxa4 g6 40. Rb4 b5 41. Rd4 Rc1 42. Rb4 Rg1 43. Rxb5 Rxg3+ 44. Kc4 Rg4+ 45. Kd3 Kg7 46. Rb6 d5 47. Rb7 h5 48. Rb1 Kh6 49. Rh1 f5 50. Ke2 Rf4 51. Ke3 Re4+ 52. Kf2 d4 53. Rd1 g5 54. Re1 Rxe1 55. Kxe1 g4 56. Kf1 Kg5 57. Kg1 d3 58. Kf1 h4 59. Ke1 h3 60. Kd2 h2 61. Kxd3 h1Q 62. Kd4 Qe4+ 63. Kc5 g3 64. Kb5 g2 65. Kb6 g1Q+ 66. Kc7 Qc1+ 67. Kb6 Qb4+ 68. Ka6 Qa1# 0-1